000 00246nam a22000857a 4500
008 160629b xxu||||| |||| 00| 0 eng d
100 _91340
_a Sahitya Akademi
245 _aContemporary Indian Short Stories
260 _aNew Delhi
_bSahithya Akademi
_c2004
999 _c1102
_d1102